Handbook of soils and climate in agriculture (Record no. 37174)

MARC details
000 -LEADER
fixed length control field 00283nam a2200109Ia 4500
082 ## - DEWEY DECIMAL CLASSIFICATION NUMBER
Classification number 631.4(035)
Item number KIL
100 ## - MAIN ENTRY--AUTHOR NAME
Personal name Kilmer, V J
245 #0 - TITLE STATEMENT
Title Handbook of soils and climate in agriculture
260 ## - PUBLICATION, DISTRIBUTION, ETC. (IMPRINT)
Place of publication Florida
Name of publisher CRC
Year of publication 1982
942 ## - ADDED ENTRY ELEMENTS (KOHA)
Koha item type Books
Holdings
Withdrawn status Lost status Damaged status Not for loan Home library Current library Date acquired Cost, normal purchase price Full call number Accession Number Koha item type
        RRII Library RRII Library 16/12/2021 108.00 631.4(035) KIL 17561 Books